Valtiot, joissa on jäätiköitä - Statistics

Yleistilastot
  • Tätä visaa on pelattu 1 656 kertaa
    1 215 viimeisimmän päivityksen jälkeen
  • Keskiarvotulos 33 / 48
Vastaustilastot
Maanosa Valtio % Oikein
Eurooppa Norja
96%
Aasia | Eurooppa Venäjä
94%
Pohjois-Amerikka Kanada
92%
Pohjois-Amerikka Yhdysvallat
92%
Aasia Kiina
90%
Eurooppa Ruotsi
88%
Eurooppa Islanti
87%
Etelä-Amerikka Chile
86%
Eurooppa Ranska
84%
Eurooppa Sveitsi
84%
Eurooppa Italia
83%
Etelä-Amerikka Argentiina
82%
Eurooppa Itävalta
82%
Aasia Japani
79%
Eurooppa Saksa
79%
Aasia Mongolia
78%
Etelä-Amerikka Peru
78%
Eurooppa Espanja
77%
Pohjois-Amerikka Meksiko
77%
Aasia Intia
75%
Aasia Kazakstan
75%
Aasia Nepal
75%
Oseania Uusi-Seelanti
75%
Etelä-Amerikka Kolumbia
69%
Etelä-Amerikka Bolivia
68%
Eurooppa Slovenia
68%
Aasia Pakistan
66%
Aasia Afganistan
65%
Etelä-Amerikka Ecuador
63%
Aasia Uzbekistan
63%
Eurooppa Romania
62%
Aasia Turkki
62%
Aasia Armenia
60%
Aasia Bhutan
60%
Aasia Kirgisia
60%
Aasia Iran
59%
Afrikka Kenia
59%
Aasia Azerbaidžan
58%
Aasia Georgia
58%
Afrikka Tansania
56%
Aasia Tadžikistan
55%
Eurooppa Albania
51%
Eurooppa Bulgaria
51%
Afrikka Kongon dem. tasavalta
46%
Aasia Indonesia
45%
Aasia Myanmar
41%
Afrikka Uganda
41%
Eurooppa Montenegro
35%
Ehtoja vastaavia visoja ei löytynyt
Tulosjakauma
Jokaisen tuloksen saaneiden osuus
Persentiili vastausten määrän mukaan
Tuloshistoriasi
Et ole pelannut tätä visaa sen viimeisimmän päivityksen jälkeen